| 000 | 01495nam a22003857a 4500 | ||
|---|---|---|---|
| 999 |
_c15303 _d15303 |
||
| 003 | MIRAKIL | ||
| 005 | 20240206175045.0 | ||
| 008 | 240206b tu ||||| |||| 00| 0 tur d | ||
| 020 | _a9786057070234 | ||
| 040 |
_aTR-AnCHP _cTR-AnCHP |
||
| 041 | _aTürkçe | ||
| 082 |
_a603 _bŞ54D 2021 |
||
| 090 | _a603 Ş54D 2021 | ||
| 100 | 1 | _aŞık, Ahmet | |
| 245 | 1 | 0 |
_aDuvar : _bSedat Peker'in itiraf, ifşaat ve iddialarına ilişkin Türkiye İşçi Partisi araştırma raporu / _cAhmet Şık, Bahadır Özgür, Ertuğrul Mavioğlu, Hakkı Özdal, Timur Soykan |
| 246 | _aSedat Peker'in itiraf, ifşaat ve iddialarına ilişkin Türkiye İşçi Partisi araştırma raporu. | ||
| 250 | _a1. Baskı: Kasım 2021. | ||
| 260 |
_aİstanbul : _bİleri Kitaplığı Yayınevi, _c2021. |
||
| 300 |
_a517 sayfa ; _c24 cm. |
||
| 490 | 0 |
_aİleri Kitaplığı Yayınevi ; _v11 |
|
| 500 | _aDizin vardır. | ||
| 650 | 0 |
_96726 _aÖrgütlü suç |
|
| 650 | 4 |
_91089 _aSiyaset yönetimi _y21. yy _zTürkiye |
|
| 650 | 0 |
_97462 _aDerin Devlet |
|
| 650 | 4 |
_91054 _aİç siyaset _xGörüşler324 2172 |
|
| 650 | 0 |
_96727 _aMafya |
|
| 650 | 0 |
_95863 _aSiyasal suçlar |
|
| 700 |
_97463 _aÖzgür, Bahadır _eortak yazar |
||
| 700 |
_97464 _aMavioğlu, Bahadır _eortak yazar |
||
| 700 |
_97465 _aÖzdal, Hakkı _eortak yazar |
||
| 700 |
_97467 _aSoykan, Timur _eortak yazar |
||
| 856 | _zDijital Nüshası için Partimizin Kütüphane Sorumlusu ile iletişime geçiniz. | ||
| 942 |
_2ddc _cBKS |
||
| 999 | _d15303 | ||